000 01109cab a2200337 4500
001 ABS49968
008 090401t1994 xxu||||| |||| 00| 0 eng d
035 _a(Sirsi) u73495
041 _aeng
100 _aHarnett, M.
245 _aHouse of Lords rules on contamination
260 _c1994
350 _a0
490 _aBuilding
_v259(7826) 14 January 1994, 20-21(1)
520 _aDiscusses the HL decision "Cambridge Water Company v Eastern Counties Leather" (Abs50060) which ruled that CA had erred in law in awarding damages of £1m to a water company whose borehole had been contaminated by solvents originating from a local tanning works.
650 _aCAMBRIDGE WATER CO LTD V EASTERN COUNTIES LEATHER PLC (HL)
650 _aCIVIL LIABILITY
650 _aDAMAGES
650 _aFORESEEABILITY
650 _aLIABILITY
650 _aNEGLIGENCE
650 _aPOLLUTION
650 _aRYLANDS V FLETCHER
650 _aWATER AQUIFER
650 _aWATER POLLUTION
650 _aWATER SUPPLY
690 _aEnvironment
_96238
690 _aLAND
942 _n0
948 _c04/03/1997
999 _c46452
_d46452